Colección de los reales decretos, órdenes y reglamentos expedidos por el Ministerio de Gracia y Justicia para la creación y organización de la Dirección General de Archivos, Junta Superior Consultiva y de las demás subalternas establecidas en la península y Ultramar. (Record no. 163322)

MARC details
000 -LEADER
campo de control de longitud fija 00878nam a22001815i 4500
001 - NÚMERO DE CONTROL
campo de control 163322
003 - IDENTIFICADOR DE NÚMERO DE CONTROL
campo de control ES-MaACL
005 - FECHA Y HORA DE LA ÚLTIMA TRANSACCIÓN
campo de control 20250729014021.0
008 - DATOS DE LONGITUD FIJA--INFORMACIÓN GENERAL
campo de control de longitud fija 151011s1849 sp b |||| | spa d
080 ## - NÚMERO DE LA CLASIFICACIÓN DECIMAL UNIVERSAL
Número de la Clasificación Decimal Universal 930.25(460)
245 00 - MENCIÓN DEL TÍTULO
Título Colección de los reales decretos, órdenes y reglamentos expedidos por el Ministerio de Gracia y Justicia para la creación y organización de la Dirección General de Archivos, Junta Superior Consultiva y de las demás subalternas establecidas en la península y Ultramar.
260 ## - PUBLICACIÓN, DISTRIBUCIÓN, ETC.
Lugar de publicación, distribución, etc. Madrid :
Nombre del editor, distribuidor, etc. [s.n.],
Fecha de publicación, distribución, etc. 1849 (
Fabricante Imp. que fue de Operarios, a cargo de Antonio Cubas)
300 ## - DESCRIPCIÓN FÍSICA
Extensión 11 p. ;
Dimensiones 21 cm.
650 #4 - PUNTO DE ACCESO ADICIONAL DE MATERIA--TÉRMINO DE MATERIA
Término de materia o nombre geográfico como elemento de entrada Archivos-
Subdivisión geográfica España
9 (RLIN) 9953
710 1# - ENTRADA AGREGADA--NOMBRE DE ENTIDAD CORPORATIVA
Nombre de entidad corporativa o nombre de jurisdicción como elemento de entrada España.
Unidad subordinada Ministerio de Gracia y Justicia.
9 (RLIN) 3873
852 4# - LOCALIZACIÓN
Ubicación ES-MaACL
Número de control de estantería T-139-F-9
Nota libre - Enc. en un vol. facticio, falto de cub. original
-- - Donat. Gallardo
Holdings
Estatus retirado Estado de pérdida Estado de daño No para préstamo Colección Biblioteca de origen Biblioteca actual Ubicación en estantería Fecha de adquisición Fuente de adquisición Total de préstamos Signatura topográfica completa Código de barras Visto por última vez Precio de reemplazo Tipo de ítem Koha
        Colección de folletos Biblioteca del Ateneo de Madrid Biblioteca del Ateneo de Madrid Depósito folletos 11/12/2015     T-139-F-9 1194567 23/02/2023 23/02/2023 Folleto